000 02920cam a22003251i 4500
003 SA-RiAUC
005 20250226081908.0
008 250226s2002 le a g 001 0 ara c
020 _a2745134256
040 _aEG-OcO6U
_bara
_cSA-RiAUC.
_erda
082 0 4 _a810.95
090 _a810.95
_b ا ب و ف
100 1 _aأبو الفرج الأصبهاني، علي بن الحسين بن محمد،
_d284-356 هجري
_eمؤلف.
245 1 2 _aالأغاني /
_cأبو الفرج الأصفهاني ؛ شرحه وكتب هوامشه علي مهنا.
250 _aالطبعة الثانية.
264 1 _a[بيروت] :
_bدار الكتب العلمية،
_c1992
300 _a27 مجلد :
_bإيضاحيات ؛
_c24 سم
336 _aنص
_btxt
_2rdacontent
_3كتاب
337 _aبدون وسيط
_bn
_2rdamedia
338 _aمجلد
_bnc
_2rdacarrier
500 _aيشتمل على كشافات.
505 2 _aالمحتويات : مجلد 25. ملحق خاص بأخبار أبي نواس- مجلد 26. فهرس الآلات والأصوات الموسيقية، فهرس أسماء المغنيين، فهرس أسماء المغنيات- مجلد 27. فهرس القوافي، فهرس أجزاء الأبيات، فهرس الأمثال.
520 0 _aكتاب الأغاني هو أجمع كتاب للأدب العربي وتاريخه، فهو كتاب موسيقي وغناء وطرب في صدر الإسلام والدولتين الأموية والعباسية.
650 7 _aالشعر العربي
_xتاريخ ونقد
_yالعصر العباسي الثاني
_2aucsh
700 1 _aخطاب، مهنا علي
_eشارح.
856 _uhttp://www.alwaraq.net/Core/AlwaraqSrv/bookpage?book=9&option=1&fkey=2&page=1
_yDigital Copy
_2 نرجو الانتباه لإمكانية وجود اختلاف في الطبعة أو الناشر بين البيانات على البوابة وما ستجده على الكتاب نظرا لمحدودية المعلومات المتاحة على الموقع الناشر للمادة.
_3Please note that there may be a difference in the edition or publisher between the data on the portal and the book due to the limited information available on the publisher website for the material.
856 _uhttp://www.alwaraq.net/Core/waraq/coverpage?bookid=9&option=1
_yExternal Link
_2 نرجو الانتباه لإمكانية وجود اختلاف في الطبعة أو الناشر بين البيانات على البوابة وما ستجده على الكتاب نظرا لمحدودية المعلومات المتاحة على الموقع الناشر للمادة.
_3Please note that there may be a difference in the edition or publisher between the data on the portal and the book due to the limited information available on the publisher website for the material.
942 _2ddc
_cBOOK
_n0
949 _aSA-JeALM
_d250226
_ueid123
_n1
999 _c6215
_d6215